00665nam a22002058a 450000500170000000800410001701000140005802000260007203500130009803700150011104000180012608200120014410000270015624500840018326000390026727000460030630000270035250000510037965000290043020090616141154.0090417s2009 ii 000 0 eng  aENG-94019 a9788125036784c195.00 aEN-77552 bDBAD / PUB adplbEnglish  a808.042 aMisra, Partha Sarathi  aAn introduction to stylistics:cby Partha Sarathi Misra btheory and practice / aNew Delhi bOrient Blackswanc2009 a1/24, Asaf Ali Road, bNew Delhi e110002 aix, 150p. c22cm(pbk)  aIncludes bibliographical references and index  aEnglish languagexstyle